[Event "Bundesliga 2324"]
[Site "Germany"]
[Date "2024.01.13"]
[Round "5.5"]
[White "Kjartansson, Gudmundur"]
[Black "Kasimdzhanov, Rustam"]
[Result "1/2-1/2"]
[WhiteElo "2453"]
[BlackElo "2673"]
[PlyCount "96"]
[EventDate "2023.10.21"]
[EventType "team-tourn"]
[EventRounds "15"]
[EventCountry "GER"]
[SourceTitle "CB03_2024"]
[SourceDate "2024.01.17"]
[SourceVersion "1"]
[SourceVersionDate "2024.01.17"]
[SourceQuality "1"]
[WhiteTeam "Muenchen Zugzwang"]
[BlackTeam "Baden-Baden"]
[WhiteTeamCountry "GER"]
[BlackTeamCountry "GER"]

1. d4 d5 2. c4 e6 3. Nf3 c5 4. cxd5 exd5 5. Nc3 Nf6 6. Bg5 Be6 7. Bxf6 Qxf6 8. e4 Nd7 9. Bb5 0-0-0 10. 0-0 cxd4 11. Bxd7+ Rxd7 12. e5 Qd8 13. Nxd4 Kb8 14. f4 g6 15. Rf2 Bc5 16. Na4 Bxd4 17. Qxd4 Rc7 18. Rd1 Rc4 19. Qxc4 dxc4 20. Rxd8+ Rxd8 21. Nc3 a6 22. Kf1 b5 23. a3 Kc7 24. Ke1 Rd4 25. Ne2 Re4 26. Kd2 Kc6 27. h3 h5 28. Rf3 Kc5 29. Re3 Rxe3 30. Kxe3 h4 31. g3 hxg3 32. Nxg3 Bxh3 33. Ne4+ Kd5 34. Nc3+ Kc6 35. Kd4 Be6 36. Nd1 a5 37. Ne3 Kb6 38. Nc2 Kc6 39. Ne3 Kb6 40. Nc2 Bf5 41. Ne3 Kc6 42. Nd5 Bh3 43. Ne3 Be6 44. Nc2 Bg4 45. Ne3 Be2 46. Nd5 Bg4 47. Ne3 Be6 48. Nc2 Bf5 1/2-1/2

[Event "Bundesliga 2324"]
[Site "Germany"]
[Date "2023.12.02"]
[Round "3.3"]
[White "Cyborowski, Lukasz"]
[Black "Kasimdzhanov, Rustam"]
[Result "1/2-1/2"]
[WhiteElo "2479"]
[BlackElo "2673"]
[PlyCount "53"]
[EventDate "2023.10.21"]
[EventType "team-tourn"]
[EventRounds "15"]
[EventCountry "GER"]
[SourceTitle "CB49_2023"]
[SourceDate "2023.12.06"]
[SourceVersion "1"]
[SourceVersionDate "2023.12.06"]
[SourceQuality "1"]
[WhiteTeam "Remagen Sinzig"]
[BlackTeam "Baden-Baden"]
[WhiteTeamCountry "GER"]
[BlackTeamCountry "GER"]

1. d4 d5 2. c4 c6 3. Nf3 Nf6 4. Nbd2 Bf5 5. Nh4 Be4 6. e3 h6 7. Nxe4 dxe4 8. Bd2 e6 9. g3 Be7 10. Be2 0-0 11. 0-0 c5 12. dxc5 a5 13. Bc3 Qc7 14. Ng2 Nbd7 15. Nf4 Nxc5 16. Qc2 Ncd7 17. Rfd1 Rfc8 18. Rac1 Ne5 19. b3 Ba3 20. Rb1 Ned7 21. Bxf6 Nxf6 22. Nh5 Nxh5 23. Bxh5 Qe5 24. Be2 Rd8 25. Rxd8+ Rxd8 26. Rd1 Rxd1+ 27. Bxd1 1/2-1/2

[Event "Bundesliga 2324"]
[Site "Germany"]
[Date "2023.10.21"]
[Round "1.5"]
[White "Ochsner, Bjorn Moller"]
[Black "Kasimdzhanov, Rustam"]
[Result "0-1"]
[WhiteElo "2537"]
[BlackElo "2673"]
[PlyCount "84"]
[EventDate "2023.10.21"]
[EventType "team-tourn"]
[EventRounds "15"]
[EventCountry "GER"]
[SourceTitle "Mega2024 Update 01"]
[Source "Chessbase"]
[SourceDate "2023.11.12"]
[SourceVersion "1"]
[SourceVersionDate "2023.11.12"]
[SourceQuality "1"]
[WhiteTeam "Kiel Turm"]
[BlackTeam "Baden-Baden"]
[WhiteTeamCountry "GER"]
[BlackTeamCountry "GER"]

1. e4 e5 2. Nf3 Nc6 3. Bb5 a6 4. Ba4 Nf6 5. 0-0 Be7 6. d3 b5 7. Bb3 0-0 8. Nc3 d6 9. a3 Na5 10. Ba2 Be6 11. b4 Bxa2 12. Rxa2 Nc6 13. Bg5 Nd7 14. Bd2 Nf6 15. Bg5 Nd7 16. Bd2 Nf6 17. Nd5 Nxd5 18. exd5 Nb8 19. a4 Nd7 20. c4 bxc4 21. dxc4 a5 22. bxa5 f5 23. Bc3 Bf6 24. Rb2 Nc5 25. Rb5 e4 26. Nd4 Qd7 27. Qc2 f4 28. f3 e3 29. Rfb1 Rae8 30. Ne2 Bxc3 31. Nxc3 Qe7 32. Ne2 Qf6 33. h3 g5 34. Rd1 g4 35. hxg4 Qh4 36. Nd4 Rf6 37. g5 Qxg5 38. Rxc5 dxc5 39. Ne6 Qe5 40. Qd3 Rh6 41. Qe4 Qb2 42. Rf1 Rg6 0-1

[Event "Bundesliga 2223"]
[Site "Germany"]
[Date "2023.04.29"]
[Round "14.6"]
[White "Anton Guijarro, David"]
[Black "Kasimdzhanov, Rustam"]
[Result "1/2-1/2"]
[WhiteElo "2655"]
[BlackElo "2670"]
[PlyCount "91"]
[EventDate "2022.10.21"]
[EventType "team-tourn"]
[EventRounds "15"]
[EventCountry "GER"]
[SourceTitle "CBM 213 Extra"]
[Source "ChessBase"]
[SourceDate "2023.05.31"]
[SourceVersion "1"]
[SourceVersionDate "2023.05.31"]
[SourceQuality "1"]
[WhiteTeam "Viernheim"]
[BlackTeam "Baden-Baden"]
[WhiteTeamCountry "GER"]
[BlackTeamCountry "GER"]

1. e4 e5 2. Nf3 Nc6 3. Bb5 a6 4. Ba4 Nf6 5. 0-0 Be7 6. Re1 b5 7. Bb3 0-0 8. a4 Bb7 9. d3 d6 10. Bd2 Qd7 11. h3 Nd8 12. axb5 axb5 13. Rxa8 Bxa8 14. Nc3 Ne6 15. Bxe6 fxe6 16. b4 Bb7 17. Qa1 Ra8 18. Qb2 h6 19. Ra1 Rxa1+ 20. Qxa1 Kh7 21. Qa5 c6 22. Qa2 Bc8 23. Ne2 Qb7 24. Qb2 Bd7 25. g4 Be8 26. Ng3 Bd8 27. Kg2 Bb6 28. Qa2 d5 29. Be3 Bxe3 30. fxe3 c5 31. g5 dxe4 32. gxf6 exf3+ 33. Kf2 c4 34. fxg7 Qxg7 35. Qa8 Bg6 36. Qxf3 cxd3 37. cxd3 Qe7 38. Qc6 Bxd3 39. Qc3 Qf6+ 40. Kg2 Bc4 41. Qc2+ Kh8 42. Qd1 Qf8 43. Qh5 Qa8+ 44. Qf3 Qd8 45. h4 Qxh4 46. Kf2 1/2-1/2

[Event "Tashkent Kasimdzhanov Cup-A 1st"]
[Site "Tashkent"]
[Date "2023.03.29"]
[Round "9"]
[White "Grischuk, Alexander"]
[Black "Kasimdzhanov, Rustam"]
[Result "1/2-1/2"]
[WhiteElo "2731"]
[BlackElo "2662"]
[PlyCount "45"]
[EventDate "2023.03.28"]
[EventType "tourn"]
[EventRounds "9"]
[EventCountry "UZB"]
[EventCategory "16"]
[SourceTitle "CBM 213 Extra"]
[Source "ChessBase"]
[SourceDate "2023.05.31"]
[SourceVersion "1"]
[SourceVersionDate "2023.05.31"]
[SourceQuality "1"]

1. Nf3 Nf6 2. g3 g6 3. c4 c6 4. b3 Bg7 5. Bb2 0-0 6. Bg2 d5 7. 0-0 a5 8. Nc3 Na6 9. cxd5 cxd5 10. d4 Bf5 11. Ne5 Ne4 12. Nxe4 Bxe4 13. Bh3 Nb4 14. Qd2 Qd6 15. Rfc1 Rfd8 16. a3 Nc6 17. Nxc6 bxc6 18. Rc5 Rdb8 19. Rac1 Ra6 20. b4 axb4 21. axb4 h5 22. Bc3 Kh7 23. Ra5 1/2-1/2

[Event "Tashkent Kasimdzhanov Cup-A 1st"]
[Site "Tashkent"]
[Date "2023.03.28"]
[Round "2"]
[White "Abdusattorov, Nodirbek"]
[Black "Kasimdzhanov, Rustam"]
[Result "1-0"]
[WhiteElo "2714"]
[BlackElo "2662"]
[PlyCount "99"]
[EventDate "2023.03.28"]
[EventType "tourn"]
[EventRounds "9"]
[EventCountry "UZB"]
[EventCategory "16"]
[SourceTitle "CBM 213 Extra"]
[Source "ChessBase"]
[SourceDate "2023.05.31"]
[SourceVersion "1"]
[SourceVersionDate "2023.05.31"]
[SourceQuality "1"]

1. e4 e5 2. Nf3 Nc6 3. Bc4 Bc5 4. d3 Nf6 5. Nc3 0-0 6. 0-0 a6 7. Be3 Bxe3 8. fxe3 d6 9. d4 h6 10. a3 Bg4 11. Qd3 Kh8 12. Nh4 Nh7 13. Nf5 Ne7 14. Ng3 Ng5 15. Rf2 b5 16. Ba2 c5 17. dxc5 dxc5 18. Qxd8 Raxd8 19. h4 Ne6 20. a4 b4 21. Nd5 Nxd5 22. exd5 Nc7 23. Rd2 f5 24. a5 Rf6 25. Bc4 Rfd6 26. e4 f4 27. Nh1 Ne8 28. Nf2 Nf6 29. Re1 Bh5 30. Nd3 Nd7 31. g3 Rg6 32. Kh2 Rxg3 33. Bxa6 Nf6 34. Rg2 Ng4+ 35. Kg1 Rh3 36. Rxg4 Bxg4 37. Nxe5 Bh5 38. Be2 f3 39. Bxf3 Rxf3 40. Nxf3 Bxf3 41. Kf2 Bg4 42. a6 Ra8 43. Ra1 Ra7 44. e5 Bc8 45. Ra5 Rxa6 46. Rxc5 Bf5 47. Ke3 Kg8 48. Kf4 g6 49. h5 b3 50. cxb3 1-0

[Event "Tashkent Kasimdzhanov Cup-A 1st"]
[Site "Tashkent"]
[Date "2023.03.28"]
[Round "3"]
[White "Kasimdzhanov, Rustam"]
[Black "Vokhidov, Shamsiddin"]
[Result "0-1"]
[WhiteElo "2662"]
[BlackElo "2514"]
[PlyCount "58"]
[EventDate "2023.03.28"]
[EventType "tourn"]
[EventRounds "9"]
[EventCountry "UZB"]
[EventCategory "16"]
[SourceTitle "CBM 213 Extra"]
[Source "ChessBase"]
[SourceDate "2023.05.31"]
[SourceVersion "1"]
[SourceVersionDate "2023.05.31"]
[SourceQuality "1"]

1. e4 c5 2. Nf3 e6 3. c3 Nf6 4. e5 Nd5 5. d4 cxd4 6. cxd4 d6 7. Nc3 Nc6 8. Bb5 Be7 9. 0-0 0-0 10. exd6 Qxd6 11. Ne4 Qc7 12. a3 Rd8 13. Re1 Qb6 14. Ba4 Bd7 15. Bc2 Rac8 16. Rb1 Be8 17. Qd3 g6 18. Nc3 Bf6 19. Re4 Qc7 20. h4 Nce7 21. Nxd5 Nxd5 22. Bb3 Bc6 23. Rg4 h5 24. Rg5 Nf4 25. Bxf4 Qxf4 26. Bxe6 Be4 27. Rxg6+ Bg7 28. Bxf7+ Kxf7 29. Ng5+ Kxg6 0-1

[Event "Tashkent Kasimdzhanov Cup-A 1st"]
[Site "Tashkent"]
[Date "2023.03.28"]
[Round "5"]
[White "Maghsoodloo, Parham"]
[Black "Kasimdzhanov, Rustam"]
[Result "1-0"]
[WhiteElo "2660"]
[BlackElo "2662"]
[PlyCount "113"]
[EventDate "2023.03.28"]
[EventType "tourn"]
[EventRounds "9"]
[EventCountry "UZB"]
[EventCategory "16"]
[SourceTitle "CBM 213 Extra"]
[Source "ChessBase"]
[SourceDate "2023.05.31"]
[SourceVersion "1"]
[SourceVersionDate "2023.05.31"]
[SourceQuality "1"]

1. d4 Nf6 2. c4 e6 3. Nf3 d5 4. Nc3 Be7 5. cxd5 exd5 6. Bf4 c6 7. e3 Bf5 8. Nh4 Be6 9. Bd3 g6 10. Nf3 Nh5 11. Bh6 Nd7 12. h3 Bf8 13. Bxf8 Kxf8 14. g4 Ng7 15. Qb3 Qb6 16. Qa3+ Kg8 17. 0-0-0 a5 18. Qd6 Rc8 19. Ng5 Qc7 20. Qxc7 Rxc7 21. f4 Nf6 22. Rhg1 Bc8 23. Nf3 Re7 24. Ne5 Nfe8 25. e4 f6 26. exd5 fxe5 27. dxe5 Rf7 28. f5 cxd5 29. Nxd5 gxf5 30. gxf5 Bxf5 31. Bxf5 Rxf5 32. Ne7+ Kf7 33. Nxf5 Nxf5 34. Rd7+ Ke6 35. Rxb7 Kxe5 36. Rb8 Nfd6 37. Rg5+ Ke6 38. Rxa5 Rg8 39. a4 Rg1+ 40. Kc2 Rg2+ 41. Kb1 Nc7 42. Rh5 Rg7 43. Rb6 Kd7 44. a5 Nc4 45. Rb4 Nd6 46. Ka2 Nc8 47. Rbh4 Ne7 48. Rxh7 Rg5 49. R4h5 Rg8 50. Re5 Ne6 51. Re3 Kd6 52. Rh6 Ng6 53. Rg3 Nef4 54. h4 Kc5 55. h5 Ne7 56. Rxg8 Nxg8 57. a6 1-0

[Event "Bundesliga 2223"]
[Site "Germany"]
[Date "2022.10.22"]
[Round "1.5"]
[White "Kasimdzhanov, Rustam"]
[Black "Teclaf, Pawel"]
[Result "1-0"]
[WhiteElo "2670"]
[BlackElo "2551"]
[PlyCount "83"]
[EventDate "2022.10.21"]
[EventType "team-tourn"]
[EventRounds "15"]
[EventCountry "GER"]
[SourceTitle "CBM 211"]
[Source "ChessBase"]
[SourceDate "2022.12.31"]
[SourceVersion "1"]
[SourceVersionDate "2022.12.31"]
[SourceQuality "1"]
[WhiteTeam "Baden-Baden"]
[BlackTeam "Kiel Turm"]
[WhiteTeamCountry "GER"]
[BlackTeamCountry "GER"]

1. e4 e6 2. d4 d5 3. Nc3 Nf6 4. Bg5 dxe4 5. Nxe4 Nbd7 6. Nxf6+ Nxf6 7. Nf3 h6 8. Bh4 c5 9. Bc4 cxd4 10. 0-0 Be7 11. Qe2 0-0 12. Rad1 Qb6 13. Ne5 Nd5 14. Bxe7 Nxe7 15. b3 Rd8 16. Qh5 Rf8 17. Rfe1 Qc5 18. Qf3 Nc6 19. Nxc6 bxc6 20. Re4 Qa5 21. Rexd4 Ba6 22. Bxa6 Qxa6 23. Qc3 Qb6 24. Rg4 f6 25. Rd7 Rf7 26. Rxf7 Kxf7 27. Qd3 Qc7 28. Qg6+ Kf8 29. Qh7 Qf7 30. Rd4 Ke7 31. Qd3 Qe8 32. Qg3 Kf8 33. Qc7 Qh5 34. Qd6+ Kf7 35. Qd7+ Kf8 36. Qxc6 Re8 37. g3 Re7 38. Kg2 Qa5 39. a4 Qc7 40. Rd6 e5 41. b4 Qb8 42. Rxf6+ 1-0

[Event "Bundesliga 2223"]
[Site "Germany"]
[Date "2022.10.21"]
[Round "7.8"]
[White "Kasimdzhanov, Rustam"]
[Black "Richter, Nils"]
[Result "1/2-1/2"]
[WhiteElo "2670"]
[BlackElo "2395"]
[PlyCount "138"]
[EventDate "2022.10.21"]
[EventType "team-tourn"]
[EventRounds "15"]
[EventCountry "GER"]
[SourceTitle "CBM 212 Extra"]
[Source "ChessBase"]
[SourceDate "2023.03.31"]
[SourceVersion "1"]
[SourceVersionDate "2023.03.31"]
[SourceQuality "1"]
[WhiteTeam "Baden-Baden"]
[BlackTeam "Schoenaich"]
[WhiteTeamCountry "GER"]
[BlackTeamCountry "GER"]

1. d4 Nf6 2. c4 e6 3. Nf3 b6 4. a3 Bb7 5. Bf4 d5 6. cxd5 Nxd5 7. Bg3 Be7 8. e4 Nf6 9. Bb5+ Kf8 10. e5 Ne4 11. Nc3 g5 12. Nxe4 Bxe4 13. Qe2 Bd5 14. h3 Kg7 15. 0-0-0 Nc6 16. Kb1 Na5 17. h4 h6 18. hxg5 hxg5 19. Bd3 Nb3 20. Bc2 Bxf3 21. gxf3 Nxd4 22. Qe4 Nxc2 23. Qxc2 Rxh1 24. Rxh1 Qg8 25. f4 Rd8 26. f5 exf5 27. Qxf5 Rd5 28. Ka1 Kf8 29. Qc8+ Kg7 30. Qh3 Kf8 31. Qh6+ Qg7 32. Qc6 Rd8 33. Qxc7 f5 34. f4 g4 35. Qxa7 Bc5 36. Qa6 Qd7 37. Qc4 Qd5 38. Qxd5 Rxd5 39. Rh5 Rd3 40. Rxf5+ Ke8 41. Bh4 g3 42. Rg5 Be7 43. Rxg3 Rd1+ 44. Ka2 Bxh4 45. Rh3 Be7 46. f5 Re1 47. Rh6 Rxe5 48. Rxb6 Rxf5 49. b4 Kd7 50. a4 Kc7 51. a5 Rf3 52. Kb2 Bf6+ 53. Kc2 Bd4 54. Re6 Rc3+ 55. Kd2 Rb3 56. Re4 Bf6 57. Rc4+ Kb7 58. Kc2 Rb2+ 59. Kd3 Be5 60. Re4 Bd6 61. Kc3 Rb1 62. Kc2 Ra1 63. Kb2 Rh1 64. Kb3 Kc6 65. Rd4 Rg1 66. Ka4 Rc1 67. Kb3 Ra1 68. Kb2 Re1 69. Kb3 Ra1 1/2-1/2

[Event "Shusha Blitz"]
[Site "Shusha"]
[Date "2022.09.24"]
[Round "11"]
[White "Durarbayli, Vasif"]
[Black "Kasimdzhanov, Rustam"]
[Result "1-0"]
[WhiteElo "2628"]
[BlackElo "2670"]
[PlyCount "83"]
[EventDate "2022.09.24"]
[EventType "tourn (blitz)"]
[EventRounds "18"]
[EventCountry "AZE"]
[EventCategory "18"]
[SourceTitle "CBM 210 Extra"]
[Source "ChessBase"]
[SourceDate "2022.11.30"]
[SourceVersion "1"]
[SourceVersionDate "2022.11.30"]
[SourceQuality "1"]

1. e4 c6 2. d4 d5 3. e5 Bf5 4. Nf3 e6 5. Be2 Nd7 6. 0-0 Ne7 7. a4 h6 8. a5 a6 9. b4 Nc8 10. c3 Na7 11. Bd3 Bxd3 12. Qxd3 Nb5 13. Re1 Be7 14. Nbd2 Nf8 15. Nf1 Nh7 16. Ng3 Ng5 17. Bxg5 hxg5 18. h3 Qd7 19. Qe3 Qd8 20. Nf1 Kd7 21. N1d2 g4 22. hxg4 Qg8 23. Qd3 g6 24. Kf1 Qh7 25. Ke2 Qh6 26. Nf1 Qf4 27. Ne3 Rh7 28. Rh1 Rah8 29. g3 Qe4 30. Rxh7 Rxh7 31. Rc1 Qxd3+ 32. Kxd3 Kc7 33. g5 Rh5 34. Ng4 Rh8 35. Ra1 Na7 36. Nh6 Rh7 37. Rh1 Nb5 38. Rh4 b6 39. axb6+ Kxb6 40. Ng8 Rxh4 41. gxh4 Bf8 42. Nh6 1-0

[Event "Shusha Blitz"]
[Site "Shusha"]
[Date "2022.09.24"]
[Round "13"]
[White "Kasimdzhanov, Rustam"]
[Black "Vidit, Santosh Gujrathi"]
[Result "1-0"]
[WhiteElo "2670"]
[BlackElo "2710"]
[PlyCount "139"]
[EventDate "2022.09.24"]
[EventType "tourn (blitz)"]
[EventRounds "18"]
[EventCountry "AZE"]
[EventCategory "18"]
[SourceTitle "CBM 210 Extra"]
[Source "ChessBase"]
[SourceDate "2022.11.30"]
[SourceVersion "1"]
[SourceVersionDate "2022.11.30"]
[SourceQuality "1"]

1. e4 c5 2. Nf3 Nc6 3. Bb5 e6 4. 0-0 Nge7 5. Re1 b6 6. c3 a6 7. Bf1 d5 8. exd5 Nxd5 9. d4 cxd4 10. cxd4 Be7 11. Nc3 0-0 12. Bd3 Bb7 13. Nxd5 Qxd5 14. Be4 Qd6 15. Be3 Rfd8 16. h4 h6 17. a3 Rac8 18. Rc1 Bf6 19. Qe2 Qd7 20. Rcd1 Na5 21. d5 Qc7 22. Rc1 Qd6 23. b4 exd5 24. Rxc8 Rxc8 25. Bf5 Re8 26. bxa5 d4 27. Qd3 Bxf3 28. gxf3 bxa5 29. Bd2 Rxe1+ 30. Bxe1 Bxh4 31. Bxa5 g6 32. Bh3 Qe5 33. Bd2 Bg5 34. Bxg5 Qxg5+ 35. Kf1 Qc1+ 36. Kg2 Qg5+ 37. Kh2 Qf4+ 38. Kg2 Qg5+ 39. Kh1 Qc1+ 40. Bf1 a5 41. Kg1 Qg5+ 42. Kh2 Qf4+ 43. Kh3 Kg7 44. Qe4 Qd6 45. a4 Qd7+ 46. Kg2 Qxa4 47. Qe5+ Kg8 48. Qd5 Qb4 49. Bc4 Qe7 50. Qxa5 Qf6 51. Qd5 Kg7 52. Qe4 h5 53. f4 g5 54. Qe5 gxf4 55. Qxf6+ Kxf6 56. Kh3 Kg5 57. f3 f6 58. Bd3 f5 59. Bc2 h4 60. Bd3 Kh5 61. Bxf5 Kg5 62. Bd3 Kh5 63. Kg2 Kg5 64. Kh2 Kh5 65. Kg1 Kg5 66. Bf1 Kf5 67. Kf2 Ke5 68. Ke2 Kd5 69. Kd3 Kc5 70. Ke4 1-0

[Event "Shusha Blitz"]
[Site "Shusha"]
[Date "2022.09.24"]
[Round "3"]
[White "Wang, Hao"]
[Black "Kasimdzhanov, Rustam"]
[Result "0-1"]
[WhiteElo "2722"]
[BlackElo "2670"]
[PlyCount "60"]
[EventDate "2022.09.24"]
[EventType "tourn (blitz)"]
[EventRounds "18"]
[EventCountry "AZE"]
[EventCategory "18"]
[SourceTitle "CBM 210 Extra"]
[Source "ChessBase"]
[SourceDate "2022.11.30"]
[SourceVersion "1"]
[SourceVersionDate "2022.11.30"]
[SourceQuality "1"]

1. e4 e5 2. Nf3 Nc6 3. Bb5 a6 4. Ba4 Nf6 5. 0-0 Bc5 6. c3 b5 7. Bc2 d5 8. d4 dxe4 9. Nbd2 exf3 10. Qxf3 Be7 11. Qxc6+ Bd7 12. Qf3 exd4 13. Ne4 0-0 14. Rd1 c5 15. Bg5 Re8 16. b4 Nxe4 17. Qxe4 Bxg5 18. Qxh7+ Kf8 19. bxc5 Qf6 20. Be4 Rac8 21. cxd4 g6 22. Bf3 Bf5 23. c6 Bc2 24. d5 Bxd1 25. Rxd1 Bf4 26. g3 Bd6 27. Bg4 Rc7 28. Qh6+ Kg8 29. Bd7 Re2 30. Rf1 Bc5 0-1

[Event "Shusha Blitz"]
[Site "Shusha"]
[Date "2022.09.24"]
[Round "7"]
[White "Yilmaz, Mustafa"]
[Black "Kasimdzhanov, Rustam"]
[Result "1/2-1/2"]
[WhiteElo "2633"]
[BlackElo "2670"]
[PlyCount "108"]
[EventDate "2022.09.24"]
[EventType "tourn (blitz)"]
[EventRounds "18"]
[EventCountry "AZE"]
[EventCategory "18"]
[SourceTitle "CBM 210 Extra"]
[Source "ChessBase"]
[SourceDate "2022.11.30"]
[SourceVersion "1"]
[SourceVersionDate "2022.11.30"]
[SourceQuality "1"]

1. d4 d5 2. c4 e6 3. Nf3 c5 4. cxd5 exd5 5. Nc3 Nc6 6. dxc5 d4 7. Na4 Bxc5 8. Nxc5 Qa5+ 9. Qd2 Qxc5 10. e3 dxe3 11. Qxe3+ Qxe3+ 12. Bxe3 Nf6 13. Bc4 0-0 14. 0-0 Re8 15. Rfc1 Be6 16. Bb5 Bd7 17. h3 Ne5 18. Bxd7 Nexd7 19. Rc7 b6 20. Rd1 Nf8 21. Ng5 Ne6 22. Nxe6 Rxe6 23. Rdc1 Nd5 24. Rxa7 Rae8 25. Bd2 Re2 26. Rd1 h6 27. Rd7 Nf6 28. Rd3 Ne4 29. Re3 Nxd2 30. Rxe8+ Rxe8 31. Rxd2 b5 32. Rd4 g5 33. Rb4 Re5 34. Kf1 Kg7 35. Rb3 f5 36. Re3 Rc5 37. Rc3 Re5 38. Rc2 Kf6 39. Rc6+ Kg7 40. a3 h5 41. b4 f4 42. f3 Re3 43. Rc5 Kf6 44. Rxb5 Rxa3 45. h4 g4 46. fxg4 hxg4 47. h5 Ra1+ 48. Ke2 Ra2+ 49. Kf1 g3 50. h6 Kg6 51. Rb6+ Kh7 52. b5 Rf2+ 53. Kg1 Rb2 54. Kf1 Rf2+ 1/2-1/2

[Event "Bundesliga 2122"]
[Site "Germany"]
[Date "2022.07.09"]
[Round "13.7"]
[White "Zilka, Stepan"]
[Black "Kasimdzhanov, Rustam"]
[Result "0-1"]
[WhiteElo "2606"]
[BlackElo "2659"]
[PlyCount "134"]
[EventDate "2022.03.05"]
[EventType "team-tourn"]
[EventRounds "15"]
[EventCountry "GER"]
[SourceTitle "CBM 209 Extra"]
[Source "ChessBase"]
[SourceDate "2022.09.30"]
[SourceVersion "1"]
[SourceVersionDate "2022.09.30"]
[SourceQuality "1"]
[WhiteTeam "Deizisau"]
[BlackTeam "Baden-Baden"]
[WhiteTeamCountry "GER"]
[BlackTeamCountry "GER"]

1. e4 e5 2. Nf3 Nc6 3. d4 exd4 4. Nxd4 Nf6 5. Nxc6 bxc6 6. e5 Qe7 7. Qe2 Nd5 8. c4 Ba6 9. b3 g6 10. g3 Bg7 11. Bb2 0-0 12. Bg2 Rae8 13. 0-0 Bxe5 14. Qxe5 Qxe5 15. Bxe5 Rxe5 16. cxd5 Bxf1 17. Kxf1 cxd5 18. Nc3 c6 19. Na4 Rb8 20. Nc5 Re7 21. Nd3 a5 22. Rc1 Kf8 23. Rc5 Ra8 24. h4 Ree8 25. Bf3 Ke7 26. h5 Kd6 27. Rc1 f5 28. Rd1 g5 29. Nb2 Re6 30. Be2 Rh6 31. Nc4+ Kc7 32. Ne3 Rf8 33. Kg2 f4 34. Ng4 Rxh5 35. Bf3 Rb8 36. Rd4 Rb5 37. Ne5 g4 38. Nxg4 fxg3 39. Kxg3 Rg5 40. Be2 Rc5 41. Kh4 Rg8 42. f4 Rc2 43. Bd1 Rxa2 44. f5 Kd6 45. f6 Ke6 46. f7 Rf8 47. Nh6 Ke5 48. Rd3 Rh2+ 49. Kg5 Rxh6 50. Kxh6 Rxf7 51. Bh5 Re7 52. Rd1 Kd6 53. Ra1 Kc5 54. Rxa5+ Kb4 55. Ra7 Kxb3 56. Bg4 d4 57. Kg5 d3 58. Kf6 Re4 59. Bd1+ Kc3 60. Rxd7 c5 61. Rxh7 Re1 62. Bg4 c4 63. Rd7 d2 64. Rd6 Kc2 65. Bd7 Kc1 66. Ba4 c3 67. Rc6 Re3 0-1

[Event "Bundesliga 2122"]
[Site "Germany"]
[Date "2022.07.07"]
[Round "11.7"]
[White "Rogozenco, Dorian"]
[Black "Kasimdzhanov, Rustam"]
[Result "1/2-1/2"]
[WhiteElo "2448"]
[BlackElo "2659"]
[PlyCount "45"]
[EventDate "2022.03.05"]
[EventType "team-tourn"]
[EventRounds "15"]
[EventCountry "GER"]
[SourceTitle "CBM 209 Extra"]
[Source "ChessBase"]
[SourceDate "2022.09.30"]
[SourceVersion "1"]
[SourceVersionDate "2022.09.30"]
[SourceQuality "1"]
[WhiteTeam "Hamburger SK"]
[BlackTeam "Baden-Baden"]
[WhiteTeamCountry "GER"]
[BlackTeamCountry "GER"]

1. d4 d5 2. c4 e6 3. Nf3 c5 4. cxd5 exd5 5. Nc3 Nf6 6. Bg5 Be6 7. dxc5 Bxc5 8. e3 0-0 9. Be2 h6 10. Bh4 Nc6 11. 0-0 g5 12. Bg3 Nh5 13. Nb5 Nxg3 14. hxg3 Qf6 15. Nfd4 Nxd4 16. Nxd4 Bxd4 17. Qxd4 Qxd4 18. exd4 Rfc8 19. Rfc1 Kf8 20. Kf1 Ke7 21. Ke1 Rxc1+ 22. Rxc1 Rc8 23. Rxc8 1/2-1/2

[Event "Bundesliga 2122"]
[Site "Germany"]
[Date "2022.05.28"]
[Round "9.4"]
[White "Kasimdzhanov, Rustam"]
[Black "Dragnev, Valentin"]
[Result "1/2-1/2"]
[WhiteElo "2659"]
[BlackElo "2546"]
[PlyCount "92"]
[EventDate "2022.03.05"]
[EventType "team-tourn"]
[EventRounds "15"]
[EventCountry "GER"]
[SourceTitle "EXT 2023"]
[Source "ChessBase"]
[SourceDate "2022.10.05"]
[SourceVersion "1"]
[SourceVersionDate "2022.10.05"]
[SourceQuality "1"]
[WhiteTeam "Baden-Baden"]
[BlackTeam "Bayern Muenchen"]
[WhiteTeamCountry "GER"]
[BlackTeamCountry "GER"]

1. d4 Nf6 2. c4 e6 3. Nf3 d5 4. Nc3 c5 5. cxd5 cxd4 6. Qxd4 exd5 7. e3 Nc6 8. Qa4 Bb4 9. Bb5 0-0 10. 0-0 Qb6 11. Bd2 a6 12. Bxc6 bxc6 13. Qb3 Qb8 14. Na4 Bd6 15. Nb6 Ra7 16. Nxc8 Rxc8 17. Qxb8 Rxb8 18. Rfc1 c5 19. Rc2 Rab7 20. Bc3 Ne4 21. Kf1 Nxc3 22. bxc3 Bf8 23. Ke2 Rb1 24. Rxb1 Rxb1 25. c4 dxc4 26. Nd2 Rg1 27. g3 Ra1 28. Nxc4 g5 29. Ne5 Kg7 30. Rb2 Be7 31. Rc2 Kf6 32. f4 Ke6 33. Nc6 gxf4 34. gxf4 f5 35. Nxe7 Kxe7 36. Rxc5 Rxa2+ 37. Kd3 Ke6 38. Rc6+ Kf7 39. h4 Rh2 40. Kd4 Rxh4 41. Ke5 Rh3 42. Rc7+ Kg6 43. Rc6+ Kf7 44. Rf6+ Kg7 45. Rxa6 Rxe3+ 46. Kxf5 Re7 1/2-1/2

[Event "Bundesliga 2122"]
[Site "Germany"]
[Date "2022.04.30"]
[Round "5.2"]
[White "Kasimdzhanov, Rustam"]
[Black "Piorun, Kacper"]
[Result "1-0"]
[WhiteElo "2659"]
[BlackElo "2640"]
[PlyCount "75"]
[EventDate "2022.03.05"]
[EventType "team-tourn"]
[EventRounds "15"]
[EventCountry "GER"]
[SourceTitle "CBM 209 Extra"]
[Source "ChessBase"]
[SourceDate "2022.09.30"]
[SourceVersion "1"]
[SourceVersionDate "2022.09.30"]
[SourceQuality "1"]
[WhiteTeam "Baden-Baden"]
[BlackTeam "Berlin SF"]
[WhiteTeamCountry "GER"]
[BlackTeamCountry "GER"]

1. d4 Nf6 2. c4 e6 3. Nf3 d5 4. Nc3 Bb4 5. cxd5 exd5 6. Bg5 h6 7. Bh4 Nbd7 8. e3 g5 9. Bg3 Ne4 10. Nd2 Nxg3 11. hxg3 c6 12. Qc2 Nb6 13. Bd3 Be6 14. a3 Bd6 15. 0-0-0 Qe7 16. e4 dxe4 17. Bxe4 Nd5 18. Rde1 Rc8 19. Bf5 Kd7 20. Bxe6+ fxe6 21. Nce4 b6 22. Kb1 Bb8 23. Rc1 Qg7 24. Qa4 Rhe8 25. Nf3 g4 26. Ne5+ Bxe5 27. dxe5 Qxe5 28. Qxa7+ Rc7 29. Qa4 h5 30. Ka1 Rf8 31. Rhe1 Qg7 32. Re2 Qg6 33. Nc3 Rf5 34. Rec2 Rf8 35. Nb5 cxb5 36. Qxb5+ Kc8 37. Qa6+ Kd7 38. Qa4+ 1-0

[Event "Bundesliga 1920"]
[Site "Germany"]
[Date "2021.10.16"]
[Round "14.7"]
[White "Baramidze, David"]
[Black "Kasimdzhanov, Rustam"]
[Result "1/2-1/2"]
[WhiteElo "2593"]
[BlackElo "2660"]
[PlyCount "40"]
[EventDate "2019.11.23"]
[EventType "team-tourn"]
[EventRounds "15"]
[EventCountry "GER"]
[SourceTitle "EXT 2022"]
[Source "ChessBase"]
[SourceDate "2021.10.06"]
[SourceVersion "1"]
[SourceVersionDate "2021.10.06"]
[SourceQuality "1"]
[WhiteTeam "Hockenheim"]
[BlackTeam "Baden-Baden"]
[WhiteTeamCountry "GER"]
[BlackTeamCountry "GER"]

1. e4 e5 2. Nf3 Nc6 3. Bc4 Bc5 4. d3 Nf6 5. c3 d6 6. 0-0 h6 7. Re1 0-0 8. h3 Bb6 9. a4 a5 10. Nbd2 Ne7 11. Bb3 c6 12. d4 Ng6 13. Bc2 Re8 14. Nc4 Bc7 15. Be3 exd4 16. Bxd4 Nd7 17. Be3 Nf6 18. Bd4 Nd7 19. Be3 Nf6 20. Bd4 Nd7 1/2-1/2